10 największych miast Europy - Statystyki

Ogólne statystyki
  • Ten quiz został rozwiązany 459 razy
  • Średni wynik to 8 z 10
Statystyki odpowiedzi
Populacja Miasto % Poprawnych
3. 8,80 mln Londyn
97%
2. 12,63 mln Moskwa
96%
5. 3,68 mln Berlin
94%
10. 2,15 mln Paryż
94%
6. 3,31 mln Madryt
92%
8. 2,76 mln Rzym
89%
1. 15,90 mln Stambuł
80%
7. 2,92 mln Kijów
78%
4. 5,38 mln Petersburg
62%
9. 2,16 mln Bukareszt
40%
Nie znaleziono quizów pasujących do podanych kryteriów
Rozkład punktacji
Procent ludzi z każdym wynikiem
Percentyl według liczby udzielonych odpowiedzi
Twoja historia wyników
Nie rozwiązałeś tego quizu